Central Library OPAC University of Rajshahi

Basic technical mathematics with calculus / (Record no. 6939)

MARC details
000 -LEADER
fixed length control field 00752cam a2200265 i 4500
001 - CONTROL NUMBER
control field 6939
003 - CONTROL NUMBER IDENTIFIER
rucl marc code BD-RjUL
005 - DATE AND TIME OF LATEST TRANSACTION
control field 20211208234337.0
008 - FIXED-LENGTH DATA ELEMENTS--GENERAL INFORMATION
fixed length control field 140113s1978 caua 001 0 eng
020 ## - INTERNATIONAL STANDARD BOOK NUMBER
International Standard Book Number 0805395210
035 ## - SYSTEM CONTROL NUMBER
System control number (BD-RjUL)6981
040 ## - CATALOGING SOURCE
Original cataloging agency DLC
Transcribing agency DLC
Modifying agency DLC
-- BD-RjUL
Language of cataloging eng
041 ## - LANGUAGE CODE
Language code of text/sound track or separate title eng
082 00 - DEWEY DECIMAL CLASSIFICATION NUMBER
Classification number 510
Author mark and year WAB 1978
100 1# - MAIN ENTRY--PERSONAL NAME
Personal name Washington, Allyn J.
9 (RLIN) 21762
245 10 - TITLE STATEMENT
Title Basic technical mathematics with calculus /
Statement of responsibility, etc. Allyn J. Washington.
250 ## - EDITION STATEMENT
Edition statement 3d ed.
260 ## - PUBLICATION, DISTRIBUTION, ETC. (IMPRINT)
Place of publication, distribution, etc. Menlo Park, Calif. :
Name of publisher, distributor, etc. Benjamin/Cummings Pub. Co.,
Date of publication, distribution, etc. c1978.
300 ## - PHYSICAL DESCRIPTION
Pagination xvi, 837, [128] p. :
Illustrations ill. ;
Size 23 cm.
504 ## - BIBLIOGRAPHY, ETC. NOTE
Bibliography, etc Includes index.
650 #0 - SUBJECT ADDED ENTRY--TOPICAL TERM
Topical term or geographic name as entry element Mathematics.
9 (RLIN) 21763
942 ## - ADDED ENTRY ELEMENTS (KOHA)
Source of classification or shelving scheme Dewey Decimal Classification
Koha item type Books
Holdings
Lost status Source of classification or shelving scheme Damaged status Not for loan Collection code Permanent Location Current Location Shelving location Date acquired Source of acquisition Total Checkouts Full call number Date last seen Copy number Koha item type
  Dewey Decimal Classification   Not For Loan Non-fiction Central Library, University of Rajshahi Central Library, University of Rajshahi   19/07/1987 Asia foundation   510 WAB 1978 13/01/2014 C-1 Books